Cancionero general de la doctrina cristiana / (Record no. 181638)

MARC details
000 -LEADER
campo de control de longitud fija 01023nam a2200229 i 4500
001 - NÚMERO DE CONTROL
campo de control 181638
003 - IDENTIFICADOR DE NÚMERO DE CONTROL
campo de control ES-MaACL
005 - FECHA Y HORA DE LA ÚLTIMA TRANSACCIÓN
campo de control 20250824085120.0
008 - DATOS DE LONGITUD FIJA--INFORMACIÓN GENERAL
campo de control de longitud fija 130226m19621964sp |||| | spa d
080 ## - NÚMERO DE LA CLASIFICACIÓN DECIMAL UNIVERSAL
Número de la Clasificación Decimal Universal 821.134.2-141"15"(082.2)
245 00 - MENCIÓN DEL TÍTULO
Título Cancionero general de la doctrina cristiana /
Mención de responsabilidad, etc. hecho por Juan López de Úbeda, (1579, 1585, 1586) ; lo publica la Sociedad de Bibliófilos Españoles ; con una introducción bibliográfica por Antonio Rodríguez-Moñino.
260 ## - PUBLICACIÓN, DISTRIBUCIÓN, ETC.
Lugar de publicación, distribución, etc. Madrid :
Nombre del editor, distribuidor, etc. Sociedad de Bibliófilos Españoles,
Fecha de publicación, distribución, etc. 1962-1964.
300 ## - DESCRIPCIÓN FÍSICA
Extensión 2 v. ;
Dimensiones 26 cm.
490 1# - MENCIÓN DE SERIE
Mención de serie Sociedad de Bibliófilos Españoles. Tercera época ;
Designación de volumen o secuencia 4-5
650 #4 - PUNTO DE ACCESO ADICIONAL DE MATERIA--TÉRMINO DE MATERIA
Término de materia o nombre geográfico como elemento de entrada Poesías religiosas españolas-
Subdivisión cronológica S.XVI-XVII.
9 (RLIN) 152392
700 1# - ENTRADA AGREGADA--NOMBRE PERSONAL
Nombre de persona López de Úbeda, Juan.
9 (RLIN) 152393
700 1# - ENTRADA AGREGADA--NOMBRE PERSONAL
Nombre de persona Rodríguez-Moñino, Antonio.
9 (RLIN) 98681
710 2# - ENTRADA AGREGADA--NOMBRE DE ENTIDAD CORPORATIVA
Nombre de entidad corporativa o nombre de jurisdicción como elemento de entrada Sociedad de Bibliófilos Españoles.
9 (RLIN) 6661
830 00 - PUNTO DE ACCESO ADICIONAL DE SERIE-TÍTULO UNIFORME
Título uniforme Sociedad de Bibliófilos Españoles. Tercera época
Designación de volumen o secuencia 4-5
9 (RLIN) 191518
852 4# - LOCALIZACIÓN
Ubicación ES-MaACL
Número de control de estantería J-7(III-4-5)
Holdings
Estatus retirado Estado de pérdida Estado de daño No para préstamo Biblioteca de origen Biblioteca actual Ubicación en estantería Fecha de adquisición Fuente de adquisición Total de préstamos Signatura topográfica completa Código de barras Visto por última vez Precio de reemplazo Tipo de ítem Koha
        Biblioteca del Ateneo de Madrid Biblioteca del Ateneo de Madrid Depósito 2 26/02/2013     J-7(III-4-5) 1190886 23/02/2023 23/02/2023 Libro impreso